| 000 | 01025nam a2200289 i 4500 | ||
|---|---|---|---|
| 001 | bg | ||
| 003 | KOSZ 005 | ||
| 005 | 20220905095254.0 | ||
| 008 | 070919s1968 pl a f f 000 0 pol | ||
| 015 | _aPB 1968/4561 | ||
| 040 |
_aWA N _cKOSZ 005/RW _dKOSZ 005/RW |
||
| 080 | _a620.1 | ||
| 080 | _a539.3/.6 | ||
| 080 | _a(075.8) | ||
| 100 | 1 |
_aKurowski, Rajnold _d(1889-1953) _eAutor |
|
| 245 | 1 | 0 |
_aWytrzymałość materiałów / _cRajnold Kurowski, Michał Edward Niezgodziński. |
| 250 | _aWyd. 8. | ||
| 260 |
_aWarszawa : _bPaństwowe Wydawnictwo Naukowe, _c1968. |
||
| 300 |
_a503, [1] s., [1] k. tabl. : _bil. ; _c25 cm. |
||
| 504 | _aBibliogr. s. [505]. | ||
| 655 | 4 | _aPodręczniki akademickie | |
| 650 | 4 | _aWytrzymałość materiałów | |
| 700 | 1 |
_aNiezgodziński, Michał Edward _d(1919-2010) _eAutor |
|
| 710 | 2 |
_aPaństwowe Wydawnictwo Naukowe _4pbl. |
|
| 856 |
_uhttp://koha.tu.koszalin.pl/cgi-bin/koha/opac-detail.pl?biblionumber=10837 _yKatalog online BPK |
||
| 942 |
_2UKD _cKS |
||
| 999 |
_c10837 _d10837 |
||